000 01645nam a2200469 i 4500
001 30628
003 KOSZ 005
005 20200513101733.0
008 980702s1995 pl a f |001 0 pol
015 _aPB 1996/10951
020 _a8301117400
040 _aWA N
_cWA N
_dKOSZ 005/HR
046 _k1995
080 _a621.01
080 _a539.3/.6
080 _a519.61/.65
080 _a519.85
245 0 0 _aKomputerowe metody mechaniki ciał stałych /
_cpod red. Michała Kleibera ; [aut. Adam Borkowski et al.].
260 _aWarszawa :
_bWydawnictwo Naukowe PWN,
_c1995.
300 _a728 s. :
_brys., wykr. ;
_c25 cm.
336 _2rdacontent
_aTekst
_btxt
337 _2rdamedia
_aBez urządzenia pośredniczącego
_bn
338 _2rdacarrier
_aWolumin
_bnc
380 _aKsiążki
380 _aPublikacje naukowe
388 _a1901-2000
388 _a1989-2000
490 1 _aMechanika Techniczna / Polska Akademia Nauk. Komitet Mechaniki ;
_vt. 11.
504 _aBibliogr. przy częściach. - Indeks.
650 4 _aKonstrukcje
650 4 _aMechanika stosowana
650 4 _aCiało stałe
650 4 _aModele matematyczne
658 _aInżynieria i technika
658 _aMatematyka
700 1 _aKleiber, Michał
_d(1946- )
_eRedakcja
700 1 _aBorkowski, Adam
_d(1942- )
_eAutor
710 2 _aWydawnictwo Naukowe PWN
_4pbl.
830 0 _aMechanika Techniczna - Polska Akademia Nauk. Komitet Mechaniki ;
_vt. 11.
856 _uhttp://koha.tu.koszalin.pl/cgi-bin/koha/opac-detail.pl?biblionumber=30628
_yKatalog online BPK
942 _2UKD
_cKS
999 _c30628
_d30628